[Event "IRT Memorial Ellen Cristine Giese"]
[Site "Clube Portugues de Niteroi"]
[Date "2023.04.21"]
[Round "1"]
[Board "1"]
[White "Joao Batista Jose da Rocha, "]
[Black "Daniel Rangel, "]
[Result "0-1"]
[WhiteElo "1681"]
[BlackElo "2193"]
[PlyCount "0"]
[EventDate "2023.04.21"]
[EventRounds "6"]
[EventCountry "BRA"]

1. d4 Nf6 2. c4 g6 3. f4 c5 4. d5 b5 5. cxb5 a6 6. b6 Bg7 7. Nc3 O-O 8. e4 Qxb6 9. Nf3 d6 10. h3 Re8 11. Bc4 Qb4 12. Qb3 Nbd7 13. a3 Qxb3 14. Bxb3 Rb8 15. Ba4 e6 16. O-O exd5 17. exd5 Bb7 18. Rd1 Rec8 19. Bxd7 Nxd7 20. Ne4 Bf8 21. Nc3 Nb6 22. a4 Ba8 23. a5 Nc4 24. Ra2 Bg7 25. Ne4 Re8 26. Nc3 Ne3 27. Bxe3 Rxe3 28. Na4 Re2 29. Nb6 Rxb2 30. Ra3 Rb4 31. g3 c4 32. Nd4 c3 33. Nc2 Rb2 34. Rc1 h5 35. h4 Bb7 36. Ra4 Bc8 37. Rb4 Bf5 0-1

[Event "IRT Memorial Ellen Cristine Giese"]
[Site "Clube Portugues de Niteroi"]
[Date "2023.04.21"]
[Round "1"]
[Board "2"]
[White "Marcone Fiuza Ferreira, "]
[Black "Joao Cesar Melo do Espirito Sant, "]
[Result "1-0"]
[WhiteElo "1967"]
[BlackElo "1607"]
[PlyCount "0"]
[EventDate "2023.04.21"]
[EventRounds "6"]
[EventCountry "BRA"]

1. e4 e5 2. Bc4 Bc5 3. Nf3 Qe7 4. O-O Nf6 5. d4 Bd6 6. dxe5 Bxe5 7. Qe2 h6 8. Nxe5 Qxe5 9. Nc3 O-O 10. f4 Qh5 11. Rf3 d5 12. Nxd5 Nxd5 13. Bxd5 c6 14. Bb3 Bg4 15. Be3 Bxf3 16. gxf3 Nd7 17. Qg2 Kh7 18. Kh1 Rg8 19. Qf2 b6 20. a4 Rge8 21. a5
c5 22. e5 Nf8 23. Bd5 Rad8 24. Be4+ Kh8 25. Rg1 Re7 26. Qg3 g6 27. f5 Rdd7 28. e6 fxe6 29. fxe6 Nxe6 30. Bxg6 Qd5 31. Bxh6 Nd4 32. Be4 Qf7 1-0

[Event "IRT Memorial Ellen Cristine Giese"]
[Site "Clube Portugues de Niteroi"]
[Date "2023.04.21"]
[Round "1"]
[Board "3"]
[White "Vinicius Araujo Dias Braganca Mo, "]
[Black "Marcelo dos Santos Silva, "]
[Result "0-1"]
[WhiteElo "1542"]
[BlackElo "1877"]
[PlyCount "0"]
[EventDate "2023.04.21"]
[EventRounds "6"]
[EventCountry "BRA"]

1. e4 c5 2. d4 cxd4 3. c3 d3 4. Bxd3 Nc6 5. Nf3 d6 6. h3 Nf6 7. O-O e6 8. Bg5 h6 9. Bh4 Be7 10. Qe2 O-O 11. Rd1 Qc7 12. Na3 a6 13. Nc2 b5 14. Ncd4 e5 15. Nxc6 Qxc6 16. Rac1 Bb7 17. Bxf6 Bxf6 18. c4 b4 19. Nd2 Bg5 20. g3 f5 21. h4 Bxd2 22. Rxd2 fxe4 23. Bxe4 Qxe4 24. Qxe4 Bxe4 25. Rxd6 Rad8 26. c5 Rxd6 27. cxd6 Rd8 28. Re1 Bf3 29. Rxe5 Rxd6 30. Re8+ Kf7 0-1

[Event "IRT Memorial Ellen Cristine Giese"]
[Site "Clube Portugues de Niteroi"]
[Date "2023.04.21"]
[Round "1"]
[Board "5"]
[White "Mendel Nascimento de Oliveira, "]
[Black "Gilvan Nobrega dos Santos, "]
[Result "0-1"]
[WhiteElo "1357"]
[BlackElo "1868"]
[PlyCount "0"]
[EventDate "2023.04.21"]
[EventRounds "6"]
[EventCountry "BRA"]

1. d4 Nf6 2. Bf4 d5 3. Nf3 e6 4. e3 Bd6 5. Bxd6 cxd6 6. c3 O-O 7. Be2 Nc6 8. O-O Ne4 9. Nbd2 f5 10. c4 Rb8 11. a3 Rf6 12. b4 Rh6 13. Qb3 dxc4 14. Nxc4 d5 15. Nce5 Nxe5 16. dxe5 g5 17. g3 g4 18. Nh4 Nd2 19. Qa4 Nxf1 20. Qxa7 Bd7 21. Bxf1 Rh5 22. Be2 Rg5 23. Bf1 Kg7 24. Qc5 Rc8 0-1

[Event "IRT Memorial Ellen Cristine Giese"]
[Site "Clube Portugues de Niteroi"]
[Date "2023.04.21"]
[Round "1"]
[Board "6"]
[White "Felipe Gambini Fernandes, "]
[Black "Deris Eduardo Spina, "]
[Result "0-1"]
[WhiteElo "1848"]
[BlackElo "1800"]
[PlyCount "0"]
[EventDate "2023.04.21"]
[EventRounds "6"]
[EventCountry "BRA"]

1. d4 Nf6 2. c4 g6 3. Nc3 d5 4. Nf3 Bg7 5. Bf4 O-O 6. e3 Be6 7. Qb3 b6 8. Ng5 c6 9. Nxe6 fxe6 10. Be2 Nbd7 11. h4 Nh5 12. Bxh5 gxh5 13. O-O-O Nf6 14. f3 Qe8 15. Rh3 Kh8 16. Rg1 Qf7 17. g4 Rac8 18. Be5 hxg4 19. fxg4 Nxg4 20. Bxg7+ Qxg7 21. h5 Qf6 22. Rhg3 Nh6 23. Ne2 Rg8 24. Nf4 Rxg3 25. Rxg3 Rg8 26. Rxg8+ Kxg8 27. Qa4 e5 28. Ne2 exd4 29. Nxd4 Qf1+ 30. Kd2 Qf2+ 31. Kd1 Qxe3 32. Nxc6 Ng4 33. cxd5 Nf2+ 34. Kc2 Qe2+ 35. Kc1 Nd3+ 36. Kb1 Qxb2#  0-1

[Event "IRT Memorial Ellen Cristine Giese"]
[Site "Clube Portugues de Niteroi"]
[Date "2023.04.21"]
[Round "1"]
[Board "7"]
[White "Gabriel Luis Cavalcanti Valente, "]
[Black "Thiago Lopes Verbicario dos Sant, "]
[Result "0-1"]
[WhiteElo "1790"]
[BlackElo "1801"]
[PlyCount "0"]
[EventDate "2023.04.21"]
[EventRounds "6"]
[EventCountry "BRA"]

1. c4 e5 2. Nc3 Nf6 3. Nf3 Nc6 4. g3 Bb4 5. Bg2 Bxc3 6. bxc3 O-O 7. O-O Re8 8. d3 h6 9. Re1 d6 10. h3 Bd7 11. Kh2 Qe7 12. Ba3 Rad8 13. Rb1 b6 14. e4 Nh7 15. d4 Ng5 16. dxe5 Nxf3+ 17. Qxf3 Nxe5 18. Qe2 Be6 19. c5 dxc5 20. Rbd1 Bc4 21. Qc2 Rxd1 22. Rxd1 Rd8 23. Rd4 Qe8 24. Rxd8 Qxd8 25. Qa4 a6 26. Qc2 Qd3 27. Qxd3 Nxd3 28. Bf1 Ne5 29. Bxc4 Nxc4 30. Bc1 Nd6 31. f3 f6 32. Kg2 Kf7 33. Kf2 Ke6 34. Ke3 g5 35. h4 f5 36. hxg5 hxg5 37. exf5+ Nxf5+ 38. Kf2 Kf6 39. f4 g4 40. Bb2 Ke6 41. c4 Nd6 42. Be5 c6 43. Bxd6 Kxd6 44. Ke3 b5 45. cxb5 cxb5 46. Kd3 Kd5 47. Kc3 a5 48. Kb3 b4 49. Kc2 c4 50. Kc1 Kd4 51. Kc2 a4 52. Kb1 b3 53. axb3 axb3 54. Kc1 c3 55. Kd1 Kd3 56. f5 b2 57. f6 b1=R#  0-1